000
00322nam a2200145 4500
008
190521s1970||||xo d
100
1
_a
Hynie Josef
_9
1112
245
1
0
_a
Lekárska sexuológia
260
_b
Osveta
_a
Martin
_c
1970
250
_a
1.vydanie
020
_c
0
041
1
_a
slo
044
_a
xo
_c
SK
958
_a
A
999
_c
22406
_d
22406